Middle Egyptian / (Registro nro. 30571)

Detalles MARC
000 -LEADER
campo de control de longitud fija 03103cam a22004094i 4500
003 - IDENTIFICADOR DE NÚMERO DE CONTROL
campo de control PE-LiUPU
005 - FECHA Y HORA DE LA ÚLTIMA TRANSACCIÓN
campo de control 20250731175626.0
008 - DATOS DE LONGITUD FIJA--INFORMACIÓN GENERAL
campo de control de longitud fija 181220s2018 pau r 000 0 eng d
020 ## - NÚMERO INTERNACIONAL ESTÁNDAR DEL LIBRO
Número Internacional Estándar del Libro 9781575069777
020 ## - NÚMERO INTERNACIONAL ESTÁNDAR DEL LIBRO
Número Internacional Estándar del Libro 1575069776
035 ## - NÚMERO DE CONTROL DEL SISTEMA
Número de control de sistema (Sirsi) a251122
040 ## - FUENTE DE CATALOGACIÓN
Centro catalogador/agencia de origen PE-LiUPU
Lengua de catalogación spa
Centro/agencia transcriptor PE-LiUPU
Normas de descripción rda
049 ## - FONDOS LOCALES (OCLC)
Biblioteca depositaria PRUA
082 04 - NÚMERO DE LA CLASIFICACIÓN DECIMAL DEWEY
Número de clasificación 493.15
Cutter B49
Número de edición 23
100 1# - ENTRADA PRINCIPAL--NOMBRE DE PERSONA
Nombre de persona Beylage, Peter,
Término indicativo de función/relación autor.
245 10 - MENCIÓN DEL TÍTULO
Título Middle Egyptian /
Mención de responsabilidad, etc. Peter Beylage.
264 #1 - PRODUCCIÓN, PUBLICACIÓN, DISTRIBUCIÓN, FABRICACIÓN Y COPYRIGHT
Producción, publicación, distribución, fabricación y copyright University Park, Pennsylvania :
Nombre del de productor, editor, distribuidor, fabricante Eisenbrauns,
Fecha de producción, publicación, distribución, fabricación o copyright 2018.
300 ## - DESCRIPCIÓN FÍSICA
Extensión xxx, 829 páginas ;
Dimensiones 26 centímetros.
336 ## - TIPO DE CONTENIDO
Término de tipo de contenido text
Fuente rdacontent
337 ## - TIPO DE MEDIO
Nombre/término del tipo de medio unmediated
Fuente rdamedia
338 ## - TIPO DE SOPORTE
Nombre/término del tipo de soporte volume
Fuente rdacarrier
490 0# - MENCIÓN DE SERIE
Mención de serie Languages of the ancient Near East
505 0# - NOTA DE CONTENIDO CON FORMATO
Nota de contenido con formato Writing system and word classes -- The writing system and its transliteration -- Nouns -- Noun phrases -- Pronouns -- Adjectives -- Prepositions -- The adjectival conversion of nouns and prepositions- the nisba -- Adverbs -- Numbers -- Verbd - definition and verb classes -- The infinitive and other verbal nouns, the negatival complement, and the complementary infinitive -- Particles and interjections -- Overview of the different sentence patterns and non-verbal sentence patterns -- Overview of the different sentence patterns -- Clauses with nominal predicate -- Clauses with adjectival predicate -- Clauses with adverbial predicate -- Different patterns of non-existence -- Possesive clauses -- Pseudo-verbal and verbal clauses -- Further remarks on verbs -- The Pseudo-verbal construction -- The stative -- Overview of clauses with verbal predicate -- The perfect and the passive -- The perfective -- The unmarked forms of the suffix conjugation -- The prospective forms of the sufftix conjugation -- The subjunctive form of the suffix conjugation -- The contingent forms of the suffix conjugation -- Te form -- Existential clauses and the periphrasis / substitution of non-verbal sentence patterns -- The imperative -- Embedded clauses -- The adjectival embedding I - virtual and marked adjective clauses -- The adjectival embedding II - embedding of a verbal predicate without the relative adjective -- The nominal embedding I - marked noun clauses -- The nominal embedding II - virtual embedding of a verbal predicate -- The nominal embedding III -prepositional adverb clauses -- Special sentence patterns -- Topicalised verbs phrases -- Emphasising sentence patterns -- Markers for speech and statements -- Auxiliary verbs and constructions correspondent to english modal verbs.
526 ## - NOTA DE INFORMACIÓN SOBRE EL PROGRAMA DE ESTUDIO
Nombre del programa Comunicación Y Periodismo
526 ## - NOTA DE INFORMACIÓN SOBRE EL PROGRAMA DE ESTUDIO
Nombre del programa Educación, Especialidad Inglés Y Español (A Distancia)
526 ## - NOTA DE INFORMACIÓN SOBRE EL PROGRAMA DE ESTUDIO
Nombre del programa Educación, Especialidad Inglés Y Español
526 ## - NOTA DE INFORMACIÓN SOBRE EL PROGRAMA DE ESTUDIO
Nombre del programa Teología
526 ## - NOTA DE INFORMACIÓN SOBRE EL PROGRAMA DE ESTUDIO
Nombre del programa Educación secundaria, especialidad lingüística e inglés
526 ## - NOTA DE INFORMACIÓN SOBRE EL PROGRAMA DE ESTUDIO
Nombre del programa Ciencias de la comunicación
596 ## -
-- 1
650 04 - PUNTO DE ACCESO ADICIONAL DE MATERIA--TÉRMINO DE MATERIA
Término de materia o nombre geográfico como elemento de entrada Egyptian language
Subdivisión general Gramática.
910 ## - DATOS DE OPCIÓN DEL USUARIO (OCLC)
Datos de opción del usuario dbm
-- ncf
-- ncf
-- 20181220
942 ## - ELEMENTOS DE ENTRADA SECUNDARIOS (KOHA)
Fuente del sistema de clasificación o colocación Clasificación Decimal Dewey
Tipo de ítem Koha
994 ## -
-- C0
-- PEPRU
999 ## - NÚMEROS DE CONTROL DE SISTEMA (KOHA)
-- DEWEY
-- 79691
-- 2021-11-11
-- 4
-- CCODEBUL1
-- BUL
-- 62.97
-- 0
-- Y
-- BOOK
-- 2018-12-20
-- TEOLOGIA
-- P85
-- COMPRA
-- FCOMPR2
-- .STAFF. Colección Teología
980 ## - EQUIVALENCIA O REFERENCIA-CRUZADA-MENCIÓN DE SERIE--NOMBRE DE PERSONA/TÍTULO [LOCAL, CANADÁ]
ID del último usuario que modificó el registro 1
Nombre del último usuario que modificó el registro ALBERTO SANCHEZ Responsable de Automatización
Existencias
Visto por última vez Número de inventario Total de préstamos Signatura topográfica completa Código de barras Copia número Coste, precio de reemplazo Fecha de reemplazo Facultad Tipo de ítem Koha Nota pública Estado de pérdida Fuente del sistema de clasificación o colocación Restricciones de uso No para préstamo Colección Programa académico Biblioteca de origen Biblioteca actual Ubicación en estantería Fecha de adquisición Fuente de adquisición Coste, precio normal de compra
2025-12-02 5   493.15 B49 79691 e1 67.97 2018-12-20   Libros físicos inventario-2023-12-13 No Perdido Clasificación Decimal Dewey No restringido Disponible para préstamos Colección General Maestría en teología Biblioteca CRAI UPeU Lima Biblioteca CRAI UPeU Lima Sala principal 2018-12-20 COMPRA 62.97